Premio de la Paz de los editores y libreros alemanes 1984
Gespeichert in:
| 1. Verfasser: | |
|---|---|
| Format: | Buch |
| Sprache: | Spanisch Deutsch |
| Veröffentlicht: |
Frankfurt am Main
Inter Nationes Bonn
1985
|
| Schlagworte: | |
| Tags: |
Tag hinzufügen
Keine Tags, Fügen Sie den ersten Tag hinzu!
|
MARC
| LEADER | 00000nam a2200000 a 4500 | ||
|---|---|---|---|
| 001 | UCT6804 | ||
| 003 | CL-VaPUC | ||
| 008 | 970113e19850000GW |||||||||||||||||spa|d | ||
| 041 | 0 | 7 | |a spa |2 CL-VaPUC |
| 041 | 0 | 7 | |a ger |2 CL-VaPUC |
| 082 | 0 | 4 | |a 865 |b PAZ |2 21 |
| 100 | |a Paz, Octavio |e autor |9 321638 | ||
| 245 | 1 | 0 | |a Premio de la Paz de los editores y libreros alemanes 1984 |
| 246 | 1 | 0 | |a Friedenspreistrager des Deutschen Buchhandels 1984 |
| 300 | |a 56 p | ||
| 942 | |c BK | ||
| 945 | |d 19970113 00:00:00 |a nastorga | ||
| 260 | |a Frankfurt am Main |b Inter Nationes Bonn |c 1985 | ||
| 650 | 0 | |a Discursos |9 265028 | |
| 650 | 0 | |a Oratoria |9 307605 | |
| 583 | |a last modification |c 19970113 00:00:00 |k Rodrigo Vera | ||
| 999 | |c 255475 |d 255473 | ||
| 952 | |0 0 |1 0 |4 0 |6 865_000000000000000_PAZ_1985 |7 0 |8 A |9 277716 |a BIBEDU |b BIBEDU |d 2019-11-19 |i 3269728 |o 865 PAZ 1985 |p 3269728 |r 2019-11-19 |w 2019-11-19 |y BK |k LIT | ||